000 00503nam a22001817a 4500
005 20251108164921.0
008 250721s1984 xx 000 0 ara d
082 1 4 _a212/مصط
100 1 _aمحمود، مصطفى
245 1 0 _aالقرآن محاوله لفهم عصري /
250 _aط4.
264 1 _aالقاهره :
_bدار المعارف،
_c1984.
300 _a279ص
650 1 7 _aالقرآن الكريم
650 1 7 _aتفسير القرآن
942 _2ddc
_cBK
999 _c17387
_d17387